The Merriam-Webster dictionary for large print users. (Record no. 937)

MARC details
000 -LEADER
fixed length control field 00645cam a2200241 i 4500
005 - DATE AND TIME OF LATEST TRANSACTION
control field 20260322212040.0
008 - FIXED-LENGTH DATA ELEMENTS--GENERAL INFORMATION
fixed length control field data
010 ## - LIBRARY OF CONGRESS CONTROL NUMBER
LC control number 77001497
020 ## - INTERNATIONAL STANDARD BOOK NUMBER
International Standard Book Number 0816164592
020 ## - INTERNATIONAL STANDARD BOOK NUMBER
International Standard Book Number 9780816164592
040 ## - CATALOGING SOURCE
Original cataloging agency DLC
Transcribing agency DLC
Modifying agency DLC
050 10 - LIBRARY OF CONGRESS CALL NUMBER
Classification number PE1625
Item number .M4 1977
082 00 - DEWEY DECIMAL CLASSIFICATION NUMBER
Classification number 423
092 ## - LOCALLY ASSIGNED DEWEY CALL NUMBER (OCLC)
Classification number 423 M4 1977
001 - CONTROL NUMBER
control field data
245 14 - TITLE STATEMENT
Title The Merriam-Webster dictionary for large print users.
Statement of responsibility, etc. G. & C. Merriam Company.
260 ## - PUBLICATION, DISTRIBUTION, ETC.
Place of publication, distribution, etc. Boston :
Name of publisher, distributor, etc. G. K. Hall,
Date of publication, distribution, etc. 1977, c1975.
300 ## - PHYSICAL DESCRIPTION
Extent 1119 ;
Dimensions 28 cm.
500 ## - GENERAL NOTE
General note Large print ed.
650 #0 - SUBJECT ADDED ENTRY--TOPICAL TERM
Topical term or geographic name entry element English language
General subdivision Dictionaries.
650 #0 - SUBJECT ADDED ENTRY--TOPICAL TERM
Topical term or geographic name entry element Large type books.
720 2# - ADDED ENTRY--UNCONTROLLED NAME
Name G. & C. Merriam Company.
Holdings
Withdrawn status Lost status Damaged status Not for loan Home library Current library Shelving location Date acquired Total checkouts Full call number Barcode Date last seen Price effective from Koha item type
        Pleasant Valley Pleasant Valley General stacks 22/03/2026   423 BC0010969 22/03/2026 22/03/2026 Books